00563cam a22002051 4500001001300000003000400013005001700017008004100034010001700075035002000092040001800112050002300130100006700153245003300220260001100253300002700264500001500291650003400306999001700340ne 67001238 DLC20260227111833.0890331s1966 xx d 000 0 ara  ane 67001238  a(OCoLC)23499197 aDLCcMiUdDLC00aPJ6622b.B83 1869a1 aBustānī, Buṭrus ibn Būlus,d1818 or 1819-1882 or 1883.10aKitāb quṭr al-muḥiṭ. c[1966] a2 v. (2452 p.)c21 cm. aRomanized. 0aArabic languagexDictionaries c49694d49694